Elements That Don't End In "-ium" - Statistics

General Stats
  • This quiz has been taken 81 times
  • The average score is 24 of 38
Answer Stats
Elements % Correct
Gold
91%
Hydrogen
91%
Silver
90%
Nitrogen
88%
Oxygen
87%
Iron
85%
Copper
84%
Neon
84%
Xenon
84%
Tin
82%
Boron
81%
Carbon
81%
Fluorine
81%
Chlorine
79%
Argon
78%
Zinc
75%
Lead
69%
Iodine
67%
Radon
67%
Krypton
66%
Phosphorus
66%
Manganese
63%
Sulfur
63%
Tungsten
61%
Cobalt
60%
Bromine
55%
Silicon
54%
Arsenic
52%
Mercury
52%
Nickel
48%
Platinum
42%
Antimony
34%
Astatine
34%
Molybdenum
30%
Oganesson
28%
Bismuth
27%
Tennessine
25%
Lanthanum
15%
No matching quizzes found
Score Distribution
Percent of People with Each Score
Percentile by Number Answered
Your Score History
You have not taken this quiz